Er shi shi ji Zhongguo si xiang shi /

Saved in:
Bibliographic Details
Main Author: Chen, Zhefu.
Other Authors: Jiang, Ronghai., Wu, Pi.
Format: Book
Language:Chinese
Published: Jinan : Shangdong ren min chu ban she, 2002.
Edition:Di 1 ban.
Subjects:
Tags: Add Tag
No Tags, Be the first to tag this record!
LEADER 01306aam a2200385 a 4500
001 009124457-9
005 20031113113002.0
008 030811s2002 cc b 000 0 chi d
010 |a  2003444550 
020 |a 7209030379 
035 0 |a ocm51328798 
040 |a CVU  |c CVU  |d DLC  |d HMY 
042 |a lccopycat 
043 |a a-cc--- 
050 0 0 |a DS775.2  |b .C45267 2002 
100 1 |6 880-01  |a Chen, Zhefu. 
245 1 0 |6 880-02  |a Er shi shi ji Zhongguo si xiang shi /  |c Chen Zhefu, Jiang Ronghai, Wu Pi zhu. 
246 1 |6 880-03  |i Colophon title:  |a 20 shi ji Zhongguo si xiang shi 
250 |6 880-04  |a Di 1 ban. 
260 |6 880-05  |a Jinan :  |b Shangdong ren min chu ban she,  |c 2002. 
300 |a 2 v. (6, 13, 1216 p.) ;  |c 22 cm. 
504 |a Includes bibliographical references. 
651 0 |a China  |x Intellectual life  |y 20th century. 
700 1 |6 880-06  |a Jiang, Ronghai. 
700 1 |6 880-07  |a Wu, Pi. 
880 1 |6 100-01  |a 陈哲夫. 
880 1 0 |6 245-02  |a 二十世纪中国思想史 /  |c 陈哲夫, 江荣海, 吴丕著. 
880 1 |6 246-03  |i Colophon title:  |a 20世纪中囯思想史 
880 |6 250-04  |a 第1版. 
880 |6 260-05  |a 济南 :  |b 山东人民出版社,  |c 2002. 
880 1 |6 700-06  |a 江荣海. 
880 1 |6 700-07  |a 吴丕. 
988 |a 20031113 
049 |a HMYC  |o d 
906 |0 OCLC